000 00743nam a22002057a 4500
003 BD-DhUL
005 20220306105627.0
008 220223s2021 bg ||||| |||| 00| 0 ben
020 _a9789848967359
040 _aBD-DhUL
_cBD-DhUL
082 _a891.443
_bMAV
100 1 0 _aমালিকী, আ. ন. ম. এহছানুল।
245 0 _aভালবাসার পাঞ্চ ক্লিপ /
_cআ. ন. ম. এহছানুল মালিকী।
260 _aঢাকা :
_bহাওলাদার,
_c২০২১।
300 _a৩২০ পৃ. ;
_c২২ সেমি.।
365 _aBDT
_b500.00
650 4 _aবাংলা উপন্যাস।
650 4 _aBengali fiction.
942 _2ddc
_cBK
999 _c255401
_d255401